Responses for show #7126 - Monday, September 14, 2015

First game of Season 32.

Contestants

Ed Kim, a small business owner from Whittier, California

Rook Thomas Hine, an operations manager from Brunswick, Maine

Tara Anderson, a public radio reporter from Louisville, Kentucky (whose 1-day cash winnings total $17,500)

Jeopardy! Round responses

SEE THE POP HIT
"A"DJECTIVES
SO YOU WANT TO WRITE A NOVEL
WORLD LEADERS
DANGEROUS
(Alex: And finally, in anticipation of the upcoming feature film with this title...)
steve jobs|
    $200 21
"Ice Ice Baby"

Ed
    $200 1
animated

Tara
    $200 16
tone

Rook
    $200 6
Canada

Tara
    $200 15
tobacco

Tara
    $200 22
Macintosh

Rook
    $400 20
"Blurred Lines"

Tara
    $400 2
Arctic

Ed
    $400 26
cliché

Ed
    $400 7
Pakistan

Rook
    $400 14
a mamba

Rook
    $400 27
Stanford

Rook
    $600 17
"The Eye Of The Tiger"

Rook
    $600 3
automatic

Rook
    $600 25
protagonist

Ed
    $600 8
(Tara: Who is Perón?)
(Alex: Be more specific.)
(Tara: Uh, [*].)

Juan Perón

Tara
    $600 11
Esther Williams

Tara
    $600 28
Wozniak

Ed
    $800 18
(Rook: What is "Sharp Dressed Man"?)

"The Man In The Mirror"

TaraRook
    $800 4
aromatic

Ed
    $800 23
conflict

Rook
    $800 9
the U.K.

Ed
    $800 12
Les Liaisons dangereuses (or Dangerous Liaisons)

Rook
    $800 29
"Think Different"

Tara
    $1000 19
"I Fall To Pieces"

Tara
    $1000 5
arid

Ed
    $2,000 24
(Alex: You're on a roll today, doing well.)

catharsis

Rook
    $1000 10
Turkey

Rook
    $1000 13
Cape Horn

Rook
    $1000 30
Ross Perot

Tara

Scores at the first commercial break (after clue 15):

Tara Rook Ed
$1,800 $4,200 $3,000

Scores at the end of the Jeopardy! Round:

Tara Rook Ed
$5,800 $7,600 $4,800

Double Jeopardy! Round responses

YOU SAID WHAT?!
AMERICAN HISTORY
7-LETTER WORDS
THEIR REAL FIRST NAME
DAYTIME TELEVISION
THE PLACE TO "B"
    $400 16
Hunter S. Thompson

Rook
    $400 27
the Panama Canal

Tara
    $400 10
mongrel

Rook
    $400 1
Earvin

Ed
    $400 6
Judge Judy

Rook
    $400 30
Berlin

Rook
    $800 15
Thomas Paine

Tara
    $800 11
the Stamp Act

Rook
    $800 20
crimson

Tara
    $800 2
Gordon

Rook
    $800 21
(Rook: What is Family Feud?)

Who Wants to Be a Millionaire

Rook
Triple Stumper
    $6,000 24
Baton Rouge

Ed
    $3,000 14
the color purple

Tara
    $1200 7
the Teapot Dome scandal

Tara
    $1200 19
sucrose

Tara
    $1200 3
Philippa

Tara
    $1200 22
Luke & Laura

Ed
    $1200 23
Bhutan

Ed
    $1600 12
(Ed: Who is Armstrong?)

Jules Verne

RookEd
    $1600 8
Chief Joseph

Rook
    $1600 18
mundane

Tara
    $1600 4
Benjamin

Rook
    $1600 29
C-SPAN

Ed
    $1600 25
(Rook: What is Burkina Faso?)

Burundi

RookEd
    $2000 13
tells the truth

Tara
    $2000 9
the Triangle Shirtwaist Factory

Ed
    $2000 17
lantern

Triple Stumper
    $2000 5
Ernesto

Tara
    $2000 28
Dr. Phil

Tara
    $2000 26
Bristol

Triple Stumper

Scores at the end of the Double Jeopardy! Round:

Tara Rook Ed
$22,000 $13,200 $17,200

[wagering suggestions for these scores]

Final Jeopardy! Round responses

AMERICAN POEMS
RookWhat is In a Yellow Wood?
$13,200
EdWhat is A Good Walk
$0
TaraWhat is Song of Myself?
$12,500
"The Road Not Taken" (by Robert Frost)

Final scores:

Tara Rook Ed
$9,500 $0 $17,200
2nd place: $2,000 3rd place: $1,000 New champion: $17,200

Game dynamics:

Coryat scores:

Tara Rook Ed
$20,200 $12,200 $12,000
21 R
(including 1 DD),
0 W
21 R
(including 1 DD),
3 W
15 R
(including 1 DD),
1 W

Combined Coryat: $44,400

The J! Archive is created by fans, for fans. The Jeopardy! game show and all elements thereof, including but not limited to copyright and trademark thereto, are the property of Jeopardy Productions, Inc. and are protected under law. This website is not affiliated with, sponsored by, or operated by Jeopardy Productions, Inc. Join the discussion at JBoard.tv.